[Event "IV Open"]
[Site "Crema ITA"]
[Date "2002.09.08"]
[Round "6"]
[White "Massa, Salvenrico"]
[Black "Agnelli, Francesco"]
[Result "0-1"]
[WhiteElo "1753"]
[BlackElo "2146"]
[PlyCount "101"]
[EventDate "2002.09.06"]

1. c4 Nf6 2. Nc3 g6 3. g3 Bg7 4. Bg2 d6 5. e4 e5 6. Nge2 Nc6 7. d3 O-O 8. O-O
a5 9. h3 Nd7 10. Be3 Nc5 11. d4 exd4 12. Nxd4 Ne5 13. Qc2 Bd7 14. Rad1 Ne6 15.
f4 Nxd4 16. Bxd4 Nc6 17. Bxg7 Kxg7 18. Rfe1 f6 19. b3 Qe8 20. Qf2 b6 21. Nd5
Rc8 22. g4 h6 23. Qg3 g5 24. Ne3 gxf4 25. Qxf4 Qe5 26. Qf2 Be6 27. Nf5+ Kh7 28.
Qh4 Qc5+ 29. Kh1 Bxf5 30. exf5 Ne5 31. Qh5 Rg8 32. Qh4 Rcf8 33. Re2 Rg7 34. Bd5
a4 35. Be4 axb3 36. axb3 Qa3 37. Re3 Qc5 38. Rde1 Qd4 39. Bg2 Qf4 40. Be4 Rg5
41. Bg2 Rfg8 42. Bd5 R8g7 43. b4 c6 44. Be4 Ra7 45. Qg3 Qxg3 46. Rxg3 h5 47.
Reg1 hxg4 48. hxg4 b5 49. cxb5 cxb5 50. Rh3+ Kg7 51. Rh5 0-1

[Event "IV Open"]
[Site "Crema ITA"]
[Date "2002.09.08"]
[Round "6"]
[White "Menini, Luca"]
[Black "Galli, Massimiliano"]
[Result "1/2-1/2"]
[WhiteElo "1600"]
[BlackElo "1500"]
[PlyCount "50"]
[EventDate "2002.09.06"]

1. d4 d5 2. c4 c6 3. Nc3 dxc4 4. a4 Nf6 5. e4 Qa5 6. Bd2 e6 7. Bxc4 Bb4 8. Nge2
Nbd7 9. O-O Nb6 10. Bb3 O-O 11. Qc2 Nbd7 12. Rfd1 Rd8 13. Be3 b6 14. e5 Nd5 15.
Bg5 Rf8 16. Na2 Bb7 17. Nxb4 Nxb4 18. Qc3 Kh8 19. Bd2 c5 20. dxc5 bxc5 21. Qe3
Qc7 22. Rac1 Nd5 23. Bxd5 Bxd5 24. Bc3 Qc6 25. Nf4 Nb6 1/2-1/2

[Event "IV Open"]
[Site "Crema ITA"]
[Date "2002.09.08"]
[Round "6"]
[White "Miatello, Alberto"]
[Black "Ceresoli, Luigi"]
[Result "0-1"]
[WhiteElo "1878"]
[BlackElo "2204"]
[PlyCount "80"]
[EventDate "2002.09.06"]

1. e4 e5 2. Nf3 Nc6 3. Be2 g6 4. d4 exd4 5. Nxd4 Bg7 6. Be3 Nge7 7. c4 d6 8.
Nc3 O-O 9. Qd2 f5 10. f3 fxe4 11. fxe4 Nxd4 12. Bxd4 Bxd4 13. Qxd4 Be6 14.
O-O-O Nc6 15. Qe3 Ne5 16. b3 Qf6 17. Rdf1 Qg7 18. h3 Nc6 19. Rd1 Nb4 20. Kb1 a5
21. a4 Rae8 22. Bg4 b6 23. Nd5 Bxd5 24. cxd5 Qa1+ 25. Kxa1 Nc2+ 26. Kb2 Nxe3
27. Be6+ Rxe6 28. dxe6 Nxd1+ 29. Rxd1 Re8 30. e5 Rxe6 31. exd6 Rxd6 32. Rxd6
cxd6 33. Kc3 Kf7 34. b4 d5 35. bxa5 bxa5 36. Kd3 Ke6 37. Ke3 Ke5 38. Kd3 d4 39.
Ke2 Kd5 40. Kd3 Kc5 0-1

[Event "IV Open"]
[Site "Crema ITA"]
[Date "2002.09.08"]
[Round "6"]
[White "Moratto, Davide"]
[Black "Festa, Samuele"]
[Result "0-1"]
[WhiteElo "1557"]
[BlackElo "1660"]
[PlyCount "92"]
[EventDate "2002.09.06"]

1. e4 c5 2. Nf3 d6 3. Bb5+ Bd7 4. Bxd7+ Qxd7 5. c4 Nc6 6. Nc3 g6 7. d4 cxd4 8.
Nxd4 Bg7 9. Nxc6 Qxc6 10. Qd3 Rc8 11. b3 b5 12. Bb2 bxc4 13. bxc4 Qxc4 14. Qxc4
Rxc4 15. Kd2 Nf6 16. Kd3 Rc8 17. Rhb1 O-O 18. Nd5 Nxd5 19. exd5 Rb8 20. Bxg7
Kxg7 21. g4 g5 22. a4 Rfc8 23. f3 Kf6 24. Kd4 h6 25. h3 a6 26. a5 Rxb1 27. Rxb1
Rc5 28. Ra1 Rb5 29. Ra4 e6 30. dxe6 fxe6 31. Ke3 Rb3+ 32. Ke2 d5 33. Ra2 Ke5
34. Ra4 d4 35. Kf2 Rb2+ 36. Kg3 Kd5 37. h4 e5 38. h5 Kc5 39. Ra3 Kb4 40. Ra1 d3
41. Rd1 Kc3 42. f4 exf4+ 43. Kf3 Kc2 44. Re1 d2 45. Re2 Rb3+ 46. Kf2 Re3 0-1

[Event "IV Open"]
[Site "Crema ITA"]
[Date "2002.09.08"]
[Round "6"]
[White "Pagliari, Franco"]
[Black "Fabiano, Manuel"]
[Result "0-1"]
[WhiteElo "1500"]
[BlackElo "1383"]
[PlyCount "57"]
[EventDate "2002.09.06"]

1. e4 e6 2. d4 c5 3. c3 Ne7 4. Nf3 d5 5. e5 Nbc6 6. dxc5 Ng6 7. b4 Ncxe5 8.
Nxe5 Nxe5 9. Bf4 Ng6 10. Bg3 Be7 11. Bd3 f5 12. O-O e5 13. f3 O-O 14. Re1 e4
15. fxe4 fxe4 16. Be2 Bf6 17. Rf1 Be6 18. Bd6 Be7 19. Bxe7 Nxe7 20. Na3 Nf5 21.
Qd2 e3 22. Qd3 a6 23. Nc2 Qg5 24. Nd4 Nxd4 25. cxd4 Bh3 26. Rxf8+ Rxf8 27. g3
Rf7 28. Bf1 Qh6 29. Re1 0-1

[Event "IV Open"]
[Site "Crema ITA"]
[Date "2002.09.08"]
[Round "6"]
[White "Pancioni, Marco"]
[Black "Pezzotta, Gianni"]
[Result "1-0"]
[WhiteElo "1500"]
[BlackElo "1380"]
[PlyCount "103"]
[EventDate "2002.09.06"]

1. d4 f5 2. c4 Nf6 3. Nc3 g6 4. Nf3 Bg7 5. e3 c6 6. Be2 d6 7. O-O O-O 8. Bd2
Be6 9. Rc1 Bf7 10. Qb3 b5 11. Ng5 Qe8 12. d5 cxd5 13. cxd5 a6 14. Bf3 Nbd7 15.
Ne2 h6 16. Ne6 Bxe6 17. dxe6 Nc5 18. Rxc5 dxc5 19. Bxa8 Qxa8 20. Nf4 Kh7 21.
Bc3 c4 22. Qc2 Rd8 23. f3 Qb8 24. a4 Qd6 25. g4 Nd5 26. Rd1 Qc6 27. Nxd5 Rxd5
28. Rxd5 Qxd5 29. Bxg7 Kxg7 30. Qc3+ Kh7 31. Qd4 Qxe6 32. axb5 axb5 33. Kf2
fxg4 34. fxg4 Qf7+ 35. Qf4 Qxf4+ 36. exf4 b4 37. Ke3 c3 38. bxc3 b3 39. Kd2 b2
40. Kc2 b1=Q+ 41. Kxb1 Kg7 42. Kc2 Kf6 43. Kd3 Ke6 44. Kd4 Kd6 45. c4 e6 46.
c5+ Kd7 47. h4 Kc6 48. h5 gxh5 49. gxh5 Kd7 50. Ke5 Ke7 51. c6 Kd8 52. Kxe6 1-0

[Event "IV Open"]
[Site "Crema ITA"]
[Date "2002.09.08"]
[Round "6"]
[White "Panizzi, Giuseppe"]
[Black "Torriani, Piergiorgio"]
[Result "1-0"]
[WhiteElo "1859"]
[BlackElo "1600"]
[PlyCount "47"]
[EventDate "2002.09.06"]

1. d4 d5 2. c4 c6 3. Nf3 Nf6 4. cxd5 cxd5 5. Nc3 a6 6. e3 e6 7. Bd3 Bd6 8. a4
Qc7 9. O-O Nbd7 10. Qb3 O-O 11. Bd2 Nb6 12. Rfc1 Nc4 13. Be1 Bd7 14. h3 Rab8
15. Qa2 Rbc8 16. b3 Na5 17. Nb5 Qb6 18. Nxd6 Nxb3 19. Rxc8 Nxa1 20. Rxf8+ Kxf8
21. Qxa1 Qxd6 22. Qb2 Qc7 23. Ne5 Bxa4 24. Qb4+ 1-0

[Event "IV Open"]
[Site "Crema ITA"]
[Date "2002.09.08"]
[Round "6"]
[White "Raffaldi, Fabrizio"]
[Black "Ruggeri, Dario"]
[Result "1/2-1/2"]
[WhiteElo "1560"]
[BlackElo "1618"]
[PlyCount "88"]
[EventDate "2002.09.06"]

1. d4 d5 2. c4 e5 3. dxe5 d4 4. Nf3 Nc6 5. g3 Bg4 6. Bg2 Bb4+ 7. Bd2 Qe7 8. O-O
Qc5 9. a3 Bxd2 10. Nbxd2 Nge7 11. b4 Qb6 12. Nb3 Bxf3 13. Bxf3 Nxe5 14. c5
Nxf3+ 15. exf3 Qf6 16. Qxd4 Qxf3 17. Nd2 Qf6 18. Qxf6 gxf6 19. Ne4 Nd5 20. Rfd1
O-O-O 21. Rac1 Rhg8 22. Nd6+ cxd6 23. cxd6+ Kd7 24. Rxd5 Ke6 25. Rcd1 Rg5 26.
R5d3 Kd7 27. f4 Rgg8 28. Kf2 Rge8 29. R1d2 Rc8 30. Kf3 Re6 31. Kg4 Rc6 32. Kf5
b6 33. g4 Rc1 34. g5 fxg5 35. Kxg5 Rg1+ 36. Kf5 Rgg6 37. b5 h5 38. Rd4 Ref6+
39. Ke4 Re6+ 40. Kf3 Rxd6 41. f5 Rxd4 42. Rxd4+ Rd6 43. Ra4 Rd5 44. Rxa7+ Ke8
1/2-1/2

[Event "IV Open"]
[Site "Crema ITA"]
[Date "2002.09.08"]
[Round "6"]
[White "Salami, Marco"]
[Black "Riva, Carlo"]
[Result "1-0"]
[WhiteElo "2206"]
[BlackElo "1480"]
[PlyCount "47"]
[EventDate "2002.09.06"]

1. e4 c5 2. Nf3 d6 3. Bb5+ Bd7 4. Bxd7+ Nxd7 5. d4 cxd4 6. Qxd4 Ngf6 7. Nc3 g6
8. Bg5 Bg7 9. O-O-O O-O 10. e5 dxe5 11. Nxe5 Nxe5 12. Qxe5 Qe8 13. Rhe1 Ng4 14.
Qf4 Bxc3 15. bxc3 f6 16. Qxg4 fxg5 17. Qxg5 Rxf2 18. Rxe7 Qa4 19. Qd5+ Kf8 20.
Re2 Rxe2 21. Qf3+ Kg8 22. Qxe2 Qxa2 23. Rd7 a5 24. Qe7 1-0

[Event "IV Open"]
[Site "Crema ITA"]
[Date "2002.09.08"]
[Round "6"]
[White "Santandrea, Marco"]
[Black "Benedetti, Maurizio"]
[Result "1/2-1/2"]
[WhiteElo "1615"]
[BlackElo "1458"]
[PlyCount "115"]
[EventDate "2002.09.06"]

1. e4 g6 2. d4 d6 3. Nf3 Nf6 4. Nc3 Bg7 5. h3 O-O 6. Bc4 c5 7. Be3 Nc6 8. dxc5
Qa5 9. O-O dxc5 10. e5 Ne8 11. Bf4 e6 12. Qe2 a6 13. a4 Nb4 14. Rfd1 Qc7 15.
Qd2 b6 16. Qd8 Bb7 17. Qxc7 Nxc7 18. Ne1 Nc6 19. Nf3 Rfd8 20. Rxd8+ Rxd8 21.
Rd1 Rxd1+ 22. Nxd1 b5 23. axb5 axb5 24. Be2 Nd5 25. Bh2 c4 26. b3 cxb3 27. cxb3
b4 28. Nb2 Nc3 29. Bc4 Na5 30. Nd2 Nxc4 31. Ndxc4 Ne2+ 32. Kf1 Nd4 33. Nd3 Bf8
34. Ke1 Bxg2 35. f4 Bxh3 36. Nd6 Nf3+ 37. Kf2 Nxh2 38. Kg3 Bf5 39. Nxf5 gxf5
40. Kxh2 Kg7 41. Kg3 Kh6 42. Nb2 Kg6 43. Nc4 Bc5 44. Nb2 f6 45. Nd3 Be7 46. Kh3
fxe5 47. Nxe5+ Kf6 48. Kh4 Bd6 49. Nd3 e5 50. fxe5+ Bxe5 51. Nxb4 Bf4 52. Nd3
Bg5+ 53. Kg3 h6 54. b4 Ke6 55. b5 Kd6 56. Nf4 Bd8 57. Nd3 Kd5 58. Kf4 1/2-1/2

[Event "IV Open"]
[Site "Crema ITA"]
[Date "2002.09.08"]
[Round "6"]
[White "Trangoni, Bruno"]
[Black "Bozuffi, Italo"]
[Result "1-0"]
[WhiteElo "1695"]
[BlackElo "1600"]
[PlyCount "65"]
[EventDate "2002.09.06"]

1. f4 d5 2. Nf3 Nf6 3. e3 Nc6 4. Bb5 a6 5. Bxc6+ bxc6 6. b3 c5 7. Bb2 c6 8. O-O
a5 9. a4 Qb6 10. Na3 Ba6 11. Re1 e6 12. d3 Be7 13. Qd2 Bb7 14. Bc3 h5 15. e4 h4
16. f5 h3 17. fxe6 fxe6 18. Ng5 Ng4 19. Nxe6 d4 20. Qf4 dxc3 21. Nc4 Qa7 22.
Nxg7+ Kd8 23. Ne6+ Ke8 24. Qxg4 Bc8 25. Qg6+ Kd7 26. Ne5+ Kd6 27. Nf7+ Kd7 28.
Nxh8 Ba6 29. Nf7 Re8 30. Ne5+ Kd6 31. Ng7+ Kxe5 32. Qe6+ Kf4 33. Qf5# 1-0

[Event "IV Open"]
[Site "Crema ITA"]
[Date "2002.09.08"]
[Round "6"]
[White "Venturini, Fabiano"]
[Black "Gaeta, Antonio Angelo"]
[Result "1-0"]
[WhiteElo "1731"]
[BlackElo "1510"]
[PlyCount "51"]
[EventDate "2002.09.06"]

1. e4 c6 2. d4 d5 3. exd5 cxd5 4. c4 Nf6 5. c5 e6 6. Nf3 Be7 7. Bd3 O-O 8. O-O
Nc6 9. a3 b6 10. b4 bxc5 11. bxc5 Qc7 12. Nc3 Ng4 13. g3 e5 14. Nxd5 Qd7 15.
Nxe7+ Qxe7 16. Be4 Bb7 17. d5 Rad8 18. Qa4 Qxc5 19. dxc6 Ba6 20. Bg5 Bxf1 21.
Rxf1 Rb8 22. h3 f5 23. hxg4 fxe4 24. Qxe4 Qxa3 25. Nxe5 Rb4 26. Qd5+ 1-0

[Event "IV Open"]
[Site "Crema ITA"]
[Date "2002.09.08"]
[Round "6"]
[White "Volpati, Antonio"]
[Black "Sartorio, Diego"]
[Result "1/2-1/2"]
[WhiteElo "1540"]
[BlackElo "2050"]
[PlyCount "43"]
[EventDate "2002.09.06"]

1. e4 d6 2. Nf3 Bg4 3. Be2 Nf6 4. d3 e5 5. Nc3 c6 6. h3 Bc8 7. O-O Be7 8. Nh2
d5 9. f4 exf4 10. Bxf4 Qb6+ 11. Kh1 Qxb2 12. Be5 Qb6 13. Ng4 Nbd7 14. Nxf6+
Nxf6 15. exd5 Qc5 16. Ne4 Nxe4 17. dxe4 cxd5 18. Qxd5 Qxd5 19. exd5 f6 20. Bc7
Kd7 21. Bf4 Bd6 22. Bb5+ 1/2-1/2

[Event "VII Festival A"]
[Site "Cesenatico ITA"]
[Date "2002.09.02"]
[Round "1"]
[White "Emami, Madjid"]
[Black "Brancaleoni, Maurizio"]
[Result "0-1"]
[WhiteElo "2034"]
[BlackElo "2249"]
[PlyCount "98"]
[EventDate "2002.09.02"]

1. Nf3 c5 2. g3 Nc6 3. Bg2 g6 4. O-O Bg7 5. d3 d5 6. Nbd2 d4 7. e3 Nh6 8. exd4
cxd4 9. Re1 O-O 10. a4 Be6 11. Qe2 Nf5 12. Ng5 Bd5 13. Bxd5 Qxd5 14. Nc4 Rac8
15. h4 b6 16. h5 Ne3 17. Nxe3 dxe3 18. Bxe3 Nd4 19. Bxd4 Bxd4 20. Qxe7 Rxc2 21.
Ne4 f5 22. hxg6 hxg6 23. Qg5 Qf7 24. Nd2 Qf6 25. Qxf6 Rxf6 26. Re2 Rxb2 27. Rc1
Rf7 28. Rc4 Rd7 29. Kg2 Bc5 30. Ne4 Rxe2 31. Nf6+ Kg7 32. Nxd7 Bxf2 33. Kf3 Rd2
34. Rc7 Be1 35. Ke3 Rb2 36. Rxa7 Bxg3 37. Rb7 Bf2+ 38. Kf3 Kh6 39. Ne5 g5 40.
Nf7+ Kg6 41. Ne5+ Kf6 42. Nd7+ Ke6 43. a5 g4+ 44. Kf4 Rb4+ 45. Kg5 Be3+ 46. Kg6
g3 47. Nf8+ Kd6 48. axb6 g2 49. Rd7+ Kc5 0-1

[Event "VII Festival A"]
[Site "Cesenatico ITA"]
[Date "2002.09.02"]
[Round "1"]
[White "Molina, Fabrizio"]
[Black "Di Lazzaro, Gabriele"]
[Result "1-0"]
[WhiteElo "2278"]
[BlackElo "2035"]
[PlyCount "64"]
[EventDate "2002.09.02"]

1. c4 e5 2. g3 Nc6 3. Bg2 Nf6 4. e4 Bc5 5. Ne2 Ng4 6. O-O Qf6 7. d4 exd4 8. Nf4
d6 9. Nd5 Qd8 10. a3 a5 11. b3 O-O 12. h3 Nge5 13. f4 Nd7 14. Bb2 f5 15. exf5
Rxf5 16. Be4 Rf7 17. Qd3 g6 18. Nd2 Nf6 19. Nxf6+ Rxf6 20. Bd5+ Kg7 21. g4 Rf8
22. Ne4 Qh4 23. Bxc6 bxc6 24. Bxd4+ Bxd4+ 25. Qxd4+ Kg8 26. Rf3 Bb7 27. c5 Rae8
28. g5 Rxe4 29. Qxe4 Bc8 30. cxd6 cxd6 31. Qxc6 Bf5 32. Qd5+ Kg7 1-0

[Event "VII Festival A"]
[Site "Cesenatico ITA"]
[Date "2002.09.02"]
[Round "1"]
[White "Naumkin, Igor"]
[Black "Pircher, Karl"]
[Result "1-0"]
[WhiteElo "2436"]
[BlackElo "2052"]
[PlyCount "38"]
[EventDate "2002.09.02"]

1. d4 d5 2. c4 e6 3. Nc3 Be7 4. Nf3 Nf6 5. Bg5 O-O 6. e3 h6 7. Bh4 b6 8. Rc1
Bb7 9. Bd3 Nbd7 10. O-O c5 11. Qe2 Rc8 12. Rfd1 cxd4 13. exd4 dxc4 14. Bxc4 Qc7
15. Nb5 Qb8 16. Bg3 Qa8 17. Nc7 Bxf3 18. gxf3 Rxc7 19. Bxc7 Rc8 1-0

[Event "VII Festival A"]
[Site "Cesenatico ITA"]
[Date "2002.09.02"]
[Round "1"]
[White "Pace, Roberto"]
[Black "Ivanov, Mikhail M."]
[Result "0-1"]
[WhiteElo "2068"]
[BlackElo "2489"]
[PlyCount "58"]
[EventDate "2002.09.02"]

1. e4 c5 2. Nf3 g6 3. Bc4 Bg7 4. d4 cxd4 5. O-O Nc6 6. c3 Qb6 7. cxd4 Nxd4 8.
Nc3 Ne6 9. Qe2 Nf6 10. Be3 Qa5 11. Rac1 Qh5 12. Qc2 Ng4 13. Bxe6 fxe6 14. Bf4
O-O 15. Bg3 d6 16. Qd3 Bd7 17. Rfe1 Ne5 18. Nxe5 Bxe5 19. Bxe5 Qxe5 20. Qe3 Bc6
21. b4 a6 22. a4 Rab8 23. Qd3 Qf4 24. Rc2 g5 25. b5 axb5 26. axb5 Be8 27. Nd5
exd5 28. Qxd5+ Bf7 29. Qd1 Bb3 0-1

[Event "VII Festival A"]
[Site "Cesenatico ITA"]
[Date "2002.09.02"]
[Round "1"]
[White "Perich, Stefano"]
[Black "Benedetti, Fabrizio"]
[Result "0-1"]
[WhiteElo "2014"]
[BlackElo "2223"]
[PlyCount "78"]
[EventDate "2002.09.02"]

1. d4 Nf6 2. Nf3 e6 3. g3 c5 4. c3 b6 5. Bg2 Bb7 6. O-O d5 7. Ne5 Bd6 8. Na3
O-O 9. Nb5 Bxe5 10. dxe5 Ne8 11. c4 Qd7 12. Bf4 d4 13. Bxb7 Qxb7 14. e3 a6 15.
Na3 Nc6 16. Qf3 Ra7 17. Rfd1 f6 18. exf6 Nxf6 19. exd4 cxd4 20. Bd6 Rd8 21. c5
e5 22. Nc4 e4 23. Qf5 bxc5 24. Bxc5 Qd7 25. Qf4 Rb7 26. Ba3 Qh3 27. Rd2 d3 28.
Bc5 Rd5 29. Be3 Rb4 30. b3 Rxc4 31. bxc4 Ne5 32. f3 Nxf3+ 33. Kh1 Nxd2 34. cxd5
Ng4 35. Qb8+ Kf7 36. Qc7+ Kg6 37. Qd6+ Kh5 38. Bg1 Nf3 39. Qe6 Nf2+ 0-1

[Event "VII Festival A"]
[Site "Cesenatico ITA"]
[Date "2002.09.02"]
[Round "1"]
[White "Pozzi, Enrico"]
[Black "Holder, Hovard"]
[Result "0-1"]
[WhiteElo "2232"]
[BlackElo "2018"]
[PlyCount "72"]
[EventDate "2002.09.02"]

1. e4 c5 2. Nf3 d6 3. Bb5+ Nd7 4. O-O Ngf6 5. Re1 g6 6. d4 cxd4 7. Qxd4 Bg7 8.
Nc3 O-O 9. a4 Ng4 10. Qd2 Nde5 11. Nxe5 Nxe5 12. Nd5 Be6 13. a5 Rc8 14. f4 Nc6
15. Kh1 Nd4 16. Bd3 Rc5 17. Ne3 Qd7 18. Qb4 Nc6 19. Qd2 Qc7 20. f5 gxf5 21.
exf5 Bd7 22. f6 Bxf6 23. Nd5 Rxd5 24. Bxh7+ Kxh7 25. Qxd5 Ne5 26. Qe4+ Ng6 27.
Ra3 Kg7 28. Bd2 Rh8 29. h3 Bxb2 30. Rg3 Bc6 31. Qe3 Be5 32. Qxa7 Qd7 33. Qe3
Qf5 34. Kg1 Rh4 35. Rf1 Qe6 36. Be1 Bd4 0-1

[Event "VII Festival A"]
[Site "Cesenatico ITA"]
[Date "2002.09.02"]
[Round "1"]
[White "Ragonese, Lucio Rosario"]
[Black "Costantini, Roberto"]
[Result "1-0"]
[WhiteElo "2044"]
[BlackElo "2340"]
[PlyCount "77"]
[EventDate "2002.09.02"]

1. d4 Nf6 2. Nf3 c5 3. c3 d5 4. Bf4 Qb6 5. Qb3 Nc6 6. e3 c4 7. Qxb6 axb6 8.
Nbd2 b5 9. Be2 b4 10. O-O b5 11. Ne5 Nxe5 12. dxe5 bxc3 13. bxc3 Nd7 14. Rfb1
Ra5 15. e4 Nb6 16. e6 Na4 17. exf7+ Kxf7 18. Be5 e6 19. Bh5+ Ke7 20. exd5 exd5
21. Re1 Kd7 22. Be8+ Kd8 23. Bc6 b4 24. cxb4 Bxb4 25. Re2 Nc3 26. Re3 Rxa2 27.
Bxc3 Rxa1+ 28. Bxa1 Bxd2 29. Rg3 Be6 30. Be5 Rf8 31. Kf1 g6 32. Ra3 Rf5 33. Bd6
Bc8 34. Ra7 Be6 35. Rxh7 Bc3 36. Re7 Bf7 37. Rd7+ Kc8 38. Ra7 Rxf2+ 39. Kg1 1-0

[Event "VII Festival A"]
[Site "Cesenatico ITA"]
[Date "2002.09.02"]
[Round "1"]
[White "Semeria, Marco"]
[Black "Tomescu, Vlad"]
[Result "0-1"]
[WhiteElo "2060"]
[BlackElo "2438"]
[PlyCount "90"]
[EventDate "2002.09.02"]

1. e4 c5 2. Nf3 Nc6 3. d4 cxd4 4. Nxd4 Nf6 5. Nc3 d6 6. Be2 e5 7. Nb3 Be7 8.
Bg5 Nxe4 9. Nxe4 Bxg5 10. Nxg5 Qxg5 11. Qxd6 Qe7 12. O-O-O Qxd6 13. Rxd6 Ke7
14. Rhd1 Nd4 15. R6xd4 exd4 16. Nxd4 Bd7 17. Bf3 Rab8 18. Rd3 Rhc8 19. Kd2 Rc7
20. Re3+ Kf8 21. Ra3 b5 22. Re3 Re8 23. c3 Rxe3 24. Kxe3 Ke7 25. Be4 g6 26. Bf3
Kd6 27. Kd3 a6 28. Kd2 Be6 29. a3 Bd5 30. Bxd5 Kxd5 31. Kd3 Re7 32. Nc2 a5 33.
Ne3+ Kc6 34. Nc2 a4 35. Nd4+ Kc5 36. Nc2 Rd7+ 37. Nd4 Rd6 38. Ke3 Kc4 39. Ke4
f6 40. Ke3 Rd8 41. f3 Rd5 42. f4 Rd8 43. Ke2 Re8+ 44. Kd2 Re4 45. g3 g5 0-1

[Event "VII Festival A"]
[Site "Cesenatico ITA"]
[Date "2002.09.02"]
[Round "2"]
[White "Benedetti, Fabrizio"]
[Black "Rossi, Giampiero"]
[Result "1-0"]
[WhiteElo "2223"]
[BlackElo "2064"]
[PlyCount "55"]
[EventDate "2002.09.02"]

1. e4 c5 2. Nf3 e6 3. d4 cxd4 4. Nxd4 a6 5. Bd3 Nc6 6. Nb3 Nf6 7. Bg5 Be7 8.
Qe2 d6 9. Nc3 O-O 10. O-O b5 11. Rae1 Bb7 12. f4 Nb4 13. Rf3 h6 14. Bh4 Nxd3
15. Qxd3 Rc8 16. a3 Qc7 17. Bf2 d5 18. e5 Ne4 19. Bd4 Nxc3 20. bxc3 Bxa3 21. f5
Rfe8 22. Ref1 Bf8 23. fxe6 fxe6 24. Qg6 Qd7 25. Kh1 b4 26. Nc5 Rxc5 27. Bxc5
Bxc5 28. Rf7 1-0

[Event "VII Festival A"]
[Site "Cesenatico ITA"]
[Date "2002.09.02"]
[Round "2"]
[White "Bildt, Thomas"]
[Black "Naumkin, Igor"]
[Result "0-1"]
[WhiteElo "2087"]
[BlackElo "2436"]
[PlyCount "49"]
[EventDate "2002.09.02"]

1. e4 e6 2. d4 d5 3. f3 c5 4. Nc3 cxd4 5. Qxd4 Nc6 6. Bb5 Nf6 7. Bg5 Be7 8. e5
Nd7 9. Bxe7 Qxe7 10. Bxc6 bxc6 11. f4 O-O 12. Nf3 Rb8 13. b3 c5 14. Qd3 Rb6 15.
Ng5 f5 16. Nxd5 exd5 17. Qxd5+ Kh8 18. O-O-O c4 19. Qxc4 Nxe5 20. Qc3 Ng6 21.
g3 h6 22. Nf3 Bb7 23. Rhf1 Rc8 24. Qd4 Qa3+ 25. Qb2 0-1

[Event "VII Festival A"]
[Site "Cesenatico ITA"]
[Date "2002.09.02"]
[Round "2"]
[White "Brancaleoni, Maurizio"]
[Black "Luchsinger, Eric"]
[Result "1-0"]
[WhiteElo "2249"]
[BlackElo "2085"]
[PlyCount "89"]
[EventDate "2002.09.02"]

1. d4 Nf6 2. c4 c5 3. Nf3 cxd4 4. Nxd4 e6 5. Nc3 Bb4 6. Bd2 O-O 7. a3 Be7 8.
Bg5 d5 9. cxd5 Nxd5 10. Bxe7 Nxe7 11. g3 Nbc6 12. Nxc6 Nxc6 13. Bg2 Qxd1+ 14.
Rxd1 Ne5 15. O-O Rb8 16. Nb5 a6 17. Nd6 b6 18. Rd4 a5 19. b4 axb4 20. axb4 f5
21. Rc1 Nf7 22. Nxf7 Kxf7 23. f4 Kf6 24. b5 h6 25. Rc7 Re8 26. Rd6 Re7 27. Rc3
Re8 28. Bc6 Rf8 29. Ra3 Ke7 30. Rd2 Kf6 31. Ra7 g5 32. Kf2 Rg8 33. Bf3 g4 34.
Bc6 Rh8 35. Bg2 Rf8 36. Rc2 Rf7 37. Rxf7+ Kxf7 38. Rc7+ Kf6 39. Rh7 Kg6 40. Rh8
Kg7 41. Rd8 Kf7 42. Rh8 Kg7 43. Re8 Kf7 44. Bc6 Kf6 45. Ke3 1-0

[Event "VII Festival A"]
[Site "Cesenatico ITA"]
[Date "2002.09.02"]
[Round "2"]
[White "Candura, Stefano"]
[Black "Molina, Fabrizio"]
[Result "0-1"]
[WhiteElo "2079"]
[BlackElo "2278"]
[PlyCount "130"]
[EventDate "2002.09.02"]

1. f4 c5 2. Nf3 Nc6 3. e3 g6 4. c3 d6 5. d4 cxd4 6. cxd4 Nf6 7. Nc3 Bg7 8. Be2
O-O 9. O-O a6 10. Bd2 b5 11. Rc1 Qb6 12. Kh1 Bb7 13. Be1 Rac8 14. Bf2 Na5 15.
b3 Rc7 16. Qd2 Rfc8 17. Bd3 Nc6 18. Bh4 Nb4 19. Bb1 Qa5 20. Ne2 Qa3 21. Rxc7
Rxc7 22. Rc1 Rxc1+ 23. Qxc1 Qxc1+ 24. Nxc1 Bxf3 25. gxf3 Nbd5 26. Bf2 Nc3 27.
Bd3 Nd1 28. Be1 Nxe3 29. a4 Nfd5 30. Ne2 Nf5 31. Bf2 bxa4 32. bxa4 a5 33. Be4
Nb6 34. Bc6 d5 35. Kg1 e6 36. Kf1 Kf8 37. Ke1 Ke7 38. Kd2 Kd8 39. Kd3 Kc7 40.
Bb5 Nd6 41. Nc3 Nbc8 42. Bh4 Nf5 43. Bf2 Na7 44. Ba6 Kb6 45. Bb5 Bf6 46. Ne4
dxe4+ 47. fxe4 Nxb5 48. exf5 Nd6 49. d5+ Kc7 50. fxe6 fxe6 51. dxe6 Nb7 52. Kc4
Kd6 53. Kb5 Bc3 54. Ka6 Nd8 55. Bb6 Nxe6 56. Bxa5 Bxa5 57. Kxa5 Nxf4 58. Kb5 g5
59. a5 g4 60. Kc4 h5 61. Kd4 h4 62. Ke4 g3 63. hxg3 h3 64. a6 h2 65. a7 h1=Q+
0-1

[Event "VII Festival A"]
[Site "Cesenatico ITA"]
[Date "2002.09.02"]
[Round "2"]
[White "Falbo, Sandro"]
[Black "Ragonese, Lucio Rosario"]
[Result "1-0"]
[WhiteElo "2208"]
[BlackElo "2044"]
[PlyCount "135"]
[EventDate "2002.09.02"]

1. c4 f5 2. Nc3 Nf6 3. Nf3 g6 4. g3 Bg7 5. Bg2 O-O 6. O-O d6 7. d4 Nc6 8. d5
Ne5 9. Nxe5 dxe5 10. c5 Rb8 11. Qb3 Kh8 12. Rd1 b6 13. d6 exd6 14. cxd6 Bb7 15.
dxc7 Qxc7 16. Nb5 Qe7 17. Bxb7 Rxb7 18. Bd2 Ne4 19. Bb4 Nc5 20. Qd5 Rbb8 21.
Qd6 Qb7 22. Rac1 Rfc8 23. Bc3 Ne4 24. Qd7 Qa6 25. Nd6 Qxe2 26. Nxe4 Qxe4 27.
Re1 Qb7 28. Rcd1 Rc7 29. Qd6 Re8 30. Rxe5 Rcc8 31. Rxe8+ Rxe8 32. Qd8 Qc8 33.
Qxc8 Rxc8 34. Bxg7+ Kxg7 35. Rd7+ Kf6 36. Rxa7 Rc2 37. b4 Ke5 38. Rxh7 Rxa2 39.
Rb7 Ke4 40. Kg2 g5 41. h3 f4 42. gxf4 gxf4 43. Rxb6 Ra1 44. Rf6 Rb1 45. Re6+
Kf5 46. Rb6 Ke4 47. f3+ Ke3 48. Re6+ Kd3 49. h4 Rxb4 50. Kh3 Rb8 51. h5 Rb1 52.
Kg4 Kd4 53. Kxf4 Kd5 54. Re2 Rh1 55. Kg5 Rg1+ 56. Kf5 Rh1 57. Kg6 Rg1+ 58. Kh7
Rf1 59. Re3 Kd4 60. Re4+ Kd5 61. Rf4 Ke5 62. Rf8 Ke6 63. h6 Ke7 64. Rf4 Ke6 65.
Kg8 Ke5 66. Rg4 Kf5 67. h7 Rxf3 68. Rg7 1-0

[Event "VII Festival A"]
[Site "Cesenatico ITA"]
[Date "2002.09.02"]
[Round "2"]
[White "Holder, Hovard"]
[Black "Gori, Andrea"]
[Result "1/2-1/2"]
[WhiteElo "2018"]
[BlackElo "2215"]
[PlyCount "152"]
[EventDate "2002.09.02"]

1. e4 e5 2. Nf3 Nc6 3. Bb5 a6 4. Ba4 Nf6 5. O-O Be7 6. Re1 b5 7. Bb3 d6 8. c3
Na5 9. Bc2 c5 10. h3 Qc7 11. d4 O-O 12. Nbd2 Bb7 13. Nf1 Rfb8 14. Ng3 Bc8 15.
b3 c4 16. b4 Nc6 17. d5 Nd8 18. a4 a5 19. Ba3 axb4 20. Bxb4 bxa4 21. Bxa4 Bd7
22. Re2 Nb7 23. Rea2 Nc5 24. Bc2 Rxa2 25. Rxa2 g6 26. Nd2 Bb5 27. Qa1 Nfd7 28.
Ra7 Qb6 29. Qa5 Bd8 30. Ngf1 Ba6 31. Qxb6 Bxb6 32. Rxa6 Nxa6 33. Bxd6 Rc8 34.
Ba4 Nab8 35. Bb5 Ba5 36. Nb1 f6 37. f4 exf4 38. Nfd2 Nb6 39. Bxf4 Kf7 40. Be3
N8d7 41. Bd4 Ne5 42. Na3 Ke7 43. Kf1 Kd6 44. Bxe5+ fxe5 45. Ndxc4+ Nxc4 46.
Nxc4+ Kc5 47. Nxa5 Kxb5 48. Nc6 Kc4 49. Ke2 Kxc3 50. Ke3 Kc4 51. Nxe5+ Kc5 52.
Nd3+ Kc4 53. Nf4 Kc5 54. Ne6+ Kd6 55. Kd4 Rc2 56. e5+ Ke7 57. Nc5 Rd2+ 58. Nd3
Kd7 59. g4 Kc7 60. Ke3 Rh2 61. Nf2 Rg2 62. Kf3 Rg1 63. Ne4 Rf1+ 64. Ke2 Rf4 65.
Ke3 Rf1 66. Nf6 Re1+ 67. Kf4 h6 68. Ne4 Rf1+ 69. Ke3 Re1+ 70. Kf3 Rd1 71. Nf6
Re1 72. d6+ Kd8 73. Kf4 Re2 74. Ne4 Kd7 75. Nf6+ Ke6 76. d7 Rd2 1/2-1/2

[Event "VII Festival A"]
[Site "Cesenatico ITA"]
[Date "2002.09.02"]
[Round "2"]
[White "Tomescu, Vlad"]
[Black "Scharrer, Patrick"]
[Result "1-0"]
[WhiteElo "2438"]
[BlackElo "2094"]
[PlyCount "63"]
[EventDate "2002.09.02"]

1. e4 c5 2. Nf3 Nc6 3. d4 cxd4 4. Nxd4 g6 5. Nc3 Bg7 6. Nde2 Nf6 7. g3 d6 8.
Bg2 O-O 9. O-O Bd7 10. h3 Rc8 11. Be3 a6 12. a4 Na5 13. b3 Qc7 14. Qd2 b6 15.
Rac1 Bc6 16. Nd5 Bxd5 17. exd5 Nd7 18. Nd4 Nb8 19. Rfd1 Qc3 20. Qxc3 Rxc3 21.
Ne2 Rcc8 22. Bxb6 Nb7 23. c3 Nc5 24. Rb1 Nbd7 25. Bxc5 Nxc5 26. a5 Nb7 27. b4
Bxc3 28. Nxc3 Rxc3 29. Bf1 Ra8 30. Rdc1 Rxc1 31. Rxc1 Nd8 32. Bxa6 1-0